| 000 | 00587cam a2200205 a 4500 | ||
|---|---|---|---|
| 001 | 50006 | ||
| 005 | 20230410103544.0 | ||
| 008 | 961216s2006 dr a 001 0 spa c | ||
| 020 | _a9945420038 | ||
| 050 | 1 | 4 |
_a118 PQ 7409.2 _bR696d 2006 |
| 100 | 1 |
_aRodríguez, Pablo, _d1966-. |
|
| 245 | 1 | 0 |
_aDe una a otra orilla : _bantología / _cPablo Rodríguez. |
| 260 |
_aSan Francisco de Macorís : _bAngeles de Fierro, _c2006. |
||
| 300 |
_a145 p. : _bill. |
||
| 650 | 0 | _aDominican Literature | |
| 650 | 4 | _aLiteratura dominicana | |
| 942 |
_2lcc _cbk |
||
| 946 | _aPP | ||
| 994 |
_aC0 _bDRFGD |
||
| 999 |
_c21211 _d21211 |
||